00732nam a2200205 a 450000100100000000500170001000800410002704000250006808200130009310000270010624500730013325000110020626000340021730000180025150000450026950000720031404900090038695201140039599900170050900002416920200930022757.0110119s1977 ve 000 0 spa d aDO-SdBNPbspacBNPHU ann*bnn*1 aAraujo, Orlando.9901010alengua y creación en la obra de Romulo Gallegos /cOrlando Araujo. a3a ed. aCaracas :bEn la Raya,c1977. av. ;c18 cm.. aLa biblioteca sólo posee el volumen 1. aIncluye referencia bibliográfica y notas al pie de las páginas. aBNGR 001054708MOaGRbGRcCTd2011-01-19iLF1l0ov. 1p24169-10r2020-06-25w2020-06-25y4ZPréstamo en sala c23663d23663